| 000 | 00766nam a2200193 a 4500 | ||
|---|---|---|---|
| 001 | 000037166 | ||
| 005 | 20200930080201.0 | ||
| 008 | 120220s1966 pr 000 0 spa d | ||
| 040 |
_aDO-SdBNP _bspa _cBNPHU |
||
| 082 |
_axxxx _bE59 |
||
| 245 | 0 | 3 |
_aLa enseñanza de la lectura y la fonetica. / _cdirección Ismael Rodríguez Bou. |
| 260 |
_aRio Piedras, Puerto Rico : _bUniversidad de Puerto Rico, _c1966. |
||
| 300 |
_a206 p. ; _c23 cm. |
||
| 490 | 1 |
_aPublicaciones pedagógicas _aSerie 2 _v1966, núm. 32 |
|
| 500 | _aTrabajos de investigación auspiciados por el Consejo Superior de Enseñanza | ||
| 700 | 1 |
_aRodríguez Bou, Ismael _930011 |
|
| 710 | 2 |
_aConsejo Superior de Enseñanza _963575 |
|
| 830 | 0 |
_aPublicaciones pedagógicas _pSerie 2 _v1966, núm. 32 _963576 |
|
| 999 |
_c36656 _d36656 |
||